| 000 | 00476nam a22001817a 4500 | ||
|---|---|---|---|
| 008 | 171004b xxu||||| |||| 00| p tur d | ||
| 020 | _a9757417092 | ||
| 041 | _atur | ||
| 050 | _aPL248.M374 | ||
| 100 |
_9159 _aRoni Margulies |
||
| 245 | _aGün Ortasında | ||
| 250 | _a1.Basım | ||
| 260 |
_aİstanbul _bKorsan Yayın _cİstanbul |
||
| 300 | _a43 Sayfa | ||
| 500 | _aKorsa, Bir Sombahar Yayıncılık kuruluşudur. | ||
| 650 | 0 |
_9145 _aTürk Edebiyatı |
|
| 942 |
_2lcc _cBK |
||
| 999 |
_c1321 _d1298 |
||